000 00332 a2200133 4500
000 nam a22 7a 4500
100 _aS Devi
110 _aS Devi
245 _aIntroduction to Personal Development and Soft Skills
250 _aLatest edition
260 _bBook Enclave
_c2024
264 _bBook Enclave
_c2024
942 _cBK
999 _c396901
_d396901